<?xml version="1.0" encoding="UTF-8"?>
<marc:record xmlns:marc="http://www.loc.gov/MARC21/slim">
   <marc:leader>00000nam a2200000 a 4500</marc:leader>
   <marc:datafield ind1="1" ind2=" " tag="100">
      <marc:subfield code="a">Grimm, Sandra</marc:subfield>
      <marc:subfield code="4">aut</marc:subfield>
      <marc:subfield code="e">Verfasser/-in</marc:subfield>
   </marc:datafield>
   <marc:datafield ind1="1" ind2=" " tag="100">
      <marc:subfield code="a">Schmidt, Vera</marc:subfield>
   </marc:datafield>
   <marc:datafield ind1=" " ind2=" " tag="653">
      <marc:subfield code="a">Pferdegeschichten Pferdebuch Pferdebücher Kinder</marc:subfield>
   </marc:datafield>
   <marc:datafield ind1=" " ind2=" " tag="653">
      <marc:subfield code="a">Bücher wie Bibi &amp;amp</marc:subfield>
   </marc:datafield>
   <marc:datafield ind1=" " ind2=" " tag="653">
      <marc:subfield code="a">Erstlesealter</marc:subfield>
   </marc:datafield>
   <marc:datafield ind1=" " ind2=" " tag="653">
      <marc:subfield code="a">Bücher wie Ponyherz</marc:subfield>
   </marc:datafield>
   <marc:datafield ind1=" " ind2=" " tag="653">
      <marc:subfield code="a">erstes eigenes Pferd Pony</marc:subfield>
   </marc:datafield>
   <marc:datafield ind1=" " ind2=" " tag="653">
      <marc:subfield code="a">Bücher wie Die Haferhorde</marc:subfield>
   </marc:datafield>
   <marc:datafield ind1=" " ind2=" " tag="653">
      <marc:subfield code="a">02: Erstleser</marc:subfield>
   </marc:datafield>
   <marc:datafield ind1=" " ind2=" " tag="653">
      <marc:subfield code="a">Tina Bibi und Tina</marc:subfield>
   </marc:datafield>
   <marc:datafield ind1=" " ind2=" " tag="653">
      <marc:subfield code="a">Geschenke Pferdemädchen Pferdeliebhaber</marc:subfield>
   </marc:datafield>
   <marc:datafield ind1=" " ind2=" " tag="653">
      <marc:subfield code="a">Geschenke Mädchen 7 sieben Jahren Jährige Geburtst</marc:subfield>
   </marc:datafield>
   <marc:datafield ind1=" " ind2=" " tag="653">
      <marc:subfield code="a">Geschenke Mädchen 7 sieben Jahren Jährige Weihnach</marc:subfield>
   </marc:datafield>
   <marc:datafield ind1=" " ind2=" " tag="653">
      <marc:subfield code="a">Kinderbuch Kinderbücher ab sieben 7 Jahren Jährige</marc:subfield>
   </marc:datafield>
   <marc:datafield ind1=" " ind2=" " tag="653">
      <marc:subfield code="a">Bücher wie Das Pony Cafe</marc:subfield>
   </marc:datafield>
   <marc:datafield ind1=" " ind2=" " tag="653">
      <marc:subfield code="a">Softcover / Kinder- und Jugendbücher/Erstlesealter</marc:subfield>
   </marc:datafield>
   <marc:datafield ind1=" " ind2=" " tag="653">
      <marc:subfield code="a">Vorschulalter</marc:subfield>
   </marc:datafield>
   <marc:datafield ind1="0" ind2="0" tag="245">
      <marc:subfield code="a">Alles Jula 3 - Hufeisen bringen Glück!</marc:subfield>
   </marc:datafield>
   <marc:datafield ind1=" " ind2="1" tag="264">
      <marc:subfield code="a">Bindlach</marc:subfield>
      <marc:subfield code="b">Loewe</marc:subfield>
      <marc:subfield code="c">2020</marc:subfield>
   </marc:datafield>
   <marc:datafield ind1="1" ind2=" " tag="490">
      <marc:subfield code="a">Alles Jula</marc:subfield>
   </marc:datafield>
   <marc:datafield ind1=" " ind2=" " tag="250">
      <marc:subfield code="a">1. Auflage</marc:subfield>
   </marc:datafield>
   <marc:datafield ind1="1" ind2=" " tag="520">
      <marc:subfield code="a">Angaben aus der Verlagsmeldung##Alles Jula 3 - Hufeisen bringen Glück! / von Sandra Grimm##+ Bücher, die Kinder gerne lesen wollen + Beliebtes Thema: Ponys + Ausgewogenes Text-Bild-Verhältnis + Große Schrift + Kurze Kapitel + Geeignet zum Vorlesen und ersten Selberlesen + Ideal zum Lesenlernen + Hochwertiges Hardcover + Mit vielen farbigen Illustrationen +##In meinem Leben ist ganz schön was los! Vor allem seit Honigschnute bei mir eingezogen ist. Dieses verrückte Pony hat mein Leben ganz schön auf den Kopf gestellt. Aber lest selbst:##Julas Mitschülerin Nele behauptet, dass Jula gar nicht reiten kann. Hallo?! Deshalb schließen die beiden eine Wette ab. Jula soll vor der ganzen Klasse auf Honigschnute reiten. Leider hat Jula weder Helm noch Sattel und ihre Eltern verbieten ihr, auf den Ponyrücken zu steigen. O Mann! Jetzt steckt Jula richtig in der Klemme.##Uuups  ein Pony als Haustier!? Dieses Kinderbuch bietet tolles Lesefutter für Mädchen ab 7 Jahren (2. Klasse) und sorgt bei Pony-Fans für Begeisterung. Denn der Traum vom eigenen Pferd wird für Jula Wirklichkeit. In diesem lustigen Kinderbuch geht es um Freundschaft, die Schule und "Stress mit den Eltern"  alles spannend erzählt und witzig illustriert. So macht das Lesen Spaß!##Mit Cakepop-Rezept und DIY am Ende des Buchs.##Der Titel ist bei Antolin gelistet.</marc:subfield>
   </marc:datafield>
   <marc:datafield ind1=" " ind2=" " tag="020">
      <marc:subfield code="a">9783743202221</marc:subfield>
      <marc:subfield code="9">9783743202221</marc:subfield>
   </marc:datafield>
   <marc:datafield ind1=" " ind2=" " tag="041">
      <marc:subfield code="a">ger</marc:subfield>
   </marc:datafield>
   <marc:datafield ind1=" " ind2=" " tag="300">
      <marc:subfield code="a">80 Seiten</marc:subfield>
   </marc:datafield>
</marc:record>
